| 000 | 01029nam a2200289 i 4500 | ||
|---|---|---|---|
| 001 | 000048867 | ||
| 003 | DO-SdBNP | ||
| 005 | 20240605120413.0 | ||
| 007 | ta | ||
| 008 | 150821s2016 dr a 000 0 spa d | ||
| 020 | _a9789945408959 | ||
| 040 |
_aDO-SdBNP _bspa _cBNPHU _erda |
||
| 082 | 4 |
_bO77c _222 |
|
| 100 | 1 |
_aVirginia Elena, Ortea, _d1866-1903 _976311 _eautora |
|
| 245 | 1 | 0 |
_aCrónica puertoplateña : _binterview interesante / _cVirginia Elena Ortea ; introducción, Américo Lugo, Ylonka Nacidit Perdomo. |
| 250 | _asegunda edición | ||
| 264 |
_aSanto Domingo : _bArgos, _c2016. |
||
| 300 |
_a49 páginas : _bretratos ; _c22 cm. |
||
| 336 |
_2rdacontent _atexto _btxt |
||
| 337 |
_2rdamedia _asin mediación _bn |
||
| 338 |
_2rdacarrier _avolumen _bnc |
||
| 500 | _aIncluye referencias bibliográficas y notas al pie de las página | ||
| 590 | _aInventariado, 2019/ YL | ||
| 700 | 1 |
_aLugo, Américo, _d1870-1952 _eintroducción _981550 |
|
| 700 | 1 |
_aNacidit Perdomo, Ylonka, _eintroducción _923142 |
|
| 942 |
_2ddc _cLF2 |
||
| 999 |
_c48355 _d48355 |
||